Every Minecraft Biome 1.19 - Statistics

General Stats
  • This quiz has been taken 10 times
  • The average score is 27 of 51
Answer Stats
Snowy Biomes % Correct
Plains
100%
Cold Ocean
88%
Desert
88%
Taiga
88%
Badlands
75%
Dark Forest
75%
Deep Cold Ocean
75%
Deep Dark
75%
Forest
75%
Ocean
75%
Snowy Plains
75%
Snowy Taiga
75%
Warm Ocean
75%
Bamboo Jungle
63%
Beach
63%
Birch Forest
63%
Deep Lukewarm Ocean
63%
Deep Ocean
63%
Dripstone Caves
63%
Jungle
63%
Lukewarm Ocean
63%
Lush Cave
63%
Mushroom Fields
63%
River
63%
Swamp
63%
Deep Frozen Ocean
50%
Flower Forest
50%
Frozen Ocean
50%
Frozen River
50%
Meadow
50%
Savannah
50%
Sunflower Plains
50%
Eroded Badlands
38%
Ice Spikes
38%
Jagged Peaks
38%
Old Growth Birch Forest
38%
Old Growth Pine Taiga
38%
Stony Peaks
38%
Stony Shore
38%
Wooded Badlands
38%
Frozen Peaks
25%
Grove
25%
Old Growth Spruce Taiga
25%
Savannah Plateau
25%
Snowy Beach
25%
Snowy Slopes
25%
Sparse Jungle
25%
Windswept Gravelly Hills
25%
Windswept Hills
25%
Windswept Forest
13%
Windswept Savannah
13%
No matching quizzes found
Score Distribution
Percent of People with Each Score
Percentile by Number Answered
Your Score History
You have not taken this quiz